Toppling the Taliban (Record no. 352742)
[ view plain ]
| 000 -LEADER | |
|---|---|
| fixed length control field | 00648nam a2200145Ia 4500 |
| 008 - FIXED-LENGTH DATA ELEMENTS--GENERAL INFORMATION | |
| fixed length control field | 171212s9999 xx 000 0 und d |
| 020 ## - INTERNATIONAL STANDARD BOOK NUMBER | |
| International Standard Book Number | 9780833082657 |
| 100 ## - MAIN ENTRY--PERSONAL NAME | |
| Personal name | Perry, Walter L.;Kassing, David |
| 245 ## - TITLE STATEMENT | |
| Statement of responsibility, etc | Perry, Walter L.;Kassing, David |
| Title | Toppling the Taliban |
| Remainder of title | Air-Ground Operations in Afghanistan, October 2001–June 2002 |
| 260 ## - PUBLICATION, DISTRIBUTION, ETC. (IMPRINT) | |
| Name of publisher, distributor, etc | RAND Corporation |
| Date of publication, distribution, etc | 2015 |
| 440 ## - SERIES STATEMENT/ADDED ENTRY--TITLE | |
| Title | Research Reports |
| 650 ## - SUBJECT ADDED ENTRY--TOPICAL TERM | |
| Topical term or geographic name as entry element | History |
| 650 ## - SUBJECT ADDED ENTRY--TOPICAL TERM | |
| Topical term or geographic name as entry element | Operation Enduring Freedom, 2001-; Afghan War, 2001 -- Campaigns; Afghan War, 2001 -- Aerial operations, American; Postwar reconstruction -- Afghanistan |
| 856 ## - ELECTRONIC LOCATION AND ACCESS | |
| Uniform Resource Identifier | <a href="http://jstor.org/stable/10.7249/j.ctt19jcgqv">http://jstor.org/stable/10.7249/j.ctt19jcgqv</a> |
| Withdrawn status | Lost status | Damaged status | Home library | Current library | Date acquired | Total Checkouts | Full call number | Date last seen | Price effective from | Koha item type |
|---|---|---|---|---|---|---|---|---|---|---|
| College Library | College Library | 12/12/2017 | LCC DS371.412 .P47 2015 | 12/12/2017 | 12/12/2017 | Curriculum - Based eBooks |